[Event "2024 National Middle School Championship"]
[Site "Atlanta, Georgia, United States"]
[Date "2024.05.11"]
[Round "5.15"]
[White "Bhatti, Danish Idrees"]
[Black "Karabulut, Onur"]
[Result "1/2-1/2"]
[TimeControl "G/90;d10"]
[WhiteElo "1429"]
[BlackElo "1661"]

1. e4 {[%clk 01:30:00]} {[%emt 00:00:03]} c5 {[%clk 01:30:00]} {[%emt
00:00:05]} 2. Nf3 {[%clk 01:30:00]} {[%emt 00:00:04]} Nc6 {[%clk 01:29:54]}
{[%emt 00:00:17]} 3. d4 {[%clk 01:29:44]} {[%emt 00:00:26]} cxd4 {[%clk
01:29:53]} {[%emt 00:00:11]} 4. Nxd4 {[%clk 01:29:44]} {[%emt 00:00:04]} d6
{[%clk 01:29:53]} {[%emt 00:00:03]} 5. Nc3 {[%clk 01:29:38]} {[%emt 00:00:16]}
Nf6 {[%clk 01:29:53]} {[%emt 00:00:06]} 6. Be3 {[%clk 01:29:10]} {[%emt
00:00:37]} Ng4 {[%clk 01:29:35]} {[%emt 00:00:29]} 7. Bb5 {[%clk 01:28:44]}
{[%emt 00:00:36]} Qc7 {[%clk 01:26:57]} {[%emt 00:02:48]} 8. Nd5 {[%clk
01:27:22]} {[%emt 00:01:31]} Qd7 {[%clk 01:26:49]} {[%emt 00:00:19]} 9. Nb4
{[%clk 01:26:05]} {[%emt 00:01:27]} a6 {[%clk 01:25:44]} {[%emt 00:01:15]} 10.
Bxc6 {[%clk 01:25:13]} {[%emt 00:01:02]} bxc6 {[%clk 01:25:44]} {[%emt
00:00:10]} 11. Ndxc6 {[%clk 01:23:52]} {[%emt 00:01:32]} Nxe3 {[%clk 01:25:28]}
{[%emt 00:00:26]} 12. fxe3 {[%clk 01:23:46]} {[%emt 00:00:16]} Bb7 {[%clk
01:25:28]} {[%emt 00:00:07]} 13. Nd4 {[%clk 01:19:08]} {[%emt 00:04:48]} Bxe4
{[%clk 01:25:16]} {[%emt 00:00:23]} 14. Qd2 {[%clk 01:18:38]} {[%emt 00:00:38]}
g6 {[%clk 01:24:30]} {[%emt 00:00:58]} 15. O-O {[%clk 01:17:42]} {[%emt
00:01:06]} Bg7 {[%clk 01:24:19]} {[%emt 00:00:22]} 16. Nd3 {[%clk 01:16:16]}
{[%emt 00:01:36]} Bxd3 {[%clk 01:23:30]} {[%emt 00:00:58]} 17. Qxd3 {[%clk
01:15:49]} {[%emt 00:00:37]} O-O {[%clk 01:23:30]} {[%emt 00:00:06]} 18. c3
{[%clk 01:14:47]} {[%emt 00:01:11]} Qb7 {[%clk 01:22:35]} {[%emt 00:01:02]} 19.
Rab1 {[%clk 01:14:13]} {[%emt 00:00:48]} a5 {[%clk 01:22:04]} {[%emt 00:00:42]}
20. a4 {[%clk 01:13:40]} {[%emt 00:00:42]} Qa6 {[%clk 01:20:18]} {[%emt
00:01:56]} 21. Nb5 {[%clk 01:12:41]} {[%emt 00:01:09]} Qb6 {[%clk 01:20:03]}
{[%emt 00:00:25]} 22. b4 {[%clk 01:11:30]} {[%emt 00:01:22]} Qc6 {[%clk
01:18:38]} {[%emt 00:01:32]} 23. Rfc1 {[%clk 01:08:53]} {[%emt 00:02:49]} Rfb8
{[%clk 01:17:16]} {[%emt 00:01:33]} 24. Kh1 {[%clk 01:07:31]} {[%emt 00:01:31]}
Qd7 {[%clk 01:17:04]} {[%emt 00:00:22]} 25. c4 {[%clk 01:06:36]} {[%emt
00:01:05]} axb4 {[%clk 01:17:00]} {[%emt 00:00:14]} 26. Rxb4 {[%clk 01:06:30]}
{[%emt 00:00:16]} Qg4 {[%clk 01:15:26]} {[%emt 00:01:43]} 27. Qd2 {[%clk
01:05:09]} {[%emt 00:01:31]} Qh5 {[%clk 01:14:50]} {[%emt 00:00:46]} 28. Rcb1
{[%clk 01:03:06]} {[%emt 00:02:14]} Qc5 {[%clk 01:14:03]} {[%emt 00:00:58]} 29.
Nd4 {[%clk 00:58:22]} {[%emt 00:04:52]} Rxb4 {[%clk 01:13:40]} {[%emt
00:00:35]} 30. Rxb4 {[%clk 00:58:07]} {[%emt 00:00:25]} Bxd4 {[%clk 01:12:40]}
{[%emt 00:01:10]} 31. exd4 {[%clk 00:57:56]} {[%emt 00:00:20]} Qf5 {[%clk
01:12:21]} {[%emt 00:00:29]} 32. Kg1 {[%clk 00:57:18]} {[%emt 00:00:47]} h5
{[%clk 01:11:10]} {[%emt 00:01:22]} 33. h3 {[%clk 00:55:37]} {[%emt 00:01:51]}
Qd7 {[%clk 01:10:43]} {[%emt 00:00:37]} 34. Qc2 {[%clk 00:53:00]} {[%emt
00:02:46]} Qe6 {[%clk 01:09:50]} {[%emt 00:01:06]} 35. Qb2 {[%clk 00:52:03]}
{[%emt 00:01:05]} Kh7 {[%clk 01:09:01]} {[%emt 00:01:00]} 36. Qb3 {[%clk
00:50:46]} {[%emt 00:01:28]} Qe4 {[%clk 01:08:14]} {[%emt 00:00:57]} 37. c5
{[%clk 00:49:45]} {[%emt 00:01:11]} dxc5 {[%clk 01:07:52]} {[%emt 00:00:33]} 38.
dxc5 {[%clk 00:49:12]} {[%emt 00:00:42]} Qe1+ {[%clk 01:07:39]} {[%emt
00:00:22]} 39. Kh2 {[%clk 00:48:49]} {[%emt 00:00:34]} Qe5+ {[%clk 01:07:39]}
{[%emt 00:00:05]} 40. Kh1 {[%clk 00:48:33]} {[%emt 00:00:23]} Qe1+ {[%clk
01:07:39]} {[%emt 00:00:09]} 41. Kh2 {[%clk 00:48:16]} {[%emt 00:00:26]} Qe5+
{[%clk 01:07:10]} {[%emt 00:00:39]} 42. Kh1 {[%clk 00:48:11]} {[%emt 00:00:15]}
Kg7 {[%clk 01:05:43]} {[%emt 00:01:37]} 43. c6 {[%clk 00:46:24]} {[%emt
00:01:56]} Rc8 {[%clk 01:05:15]} {[%emt 00:00:40]} 44. Qc4 {[%clk 00:44:50]}
{[%emt 00:01:44]} Qe1+ {[%clk 01:04:02]} {[%emt 00:01:22]} 45. Kh2 {[%clk
00:44:49]} {[%emt 00:00:10]} Qe5+ {[%clk 01:03:59]} {[%emt 00:00:14]} 46. g3
{[%clk 00:44:10]} {[%emt 00:00:47]} Rd8 {[%clk 01:02:32]} {[%emt 00:01:41]} 47.
Qc2 {[%clk 00:43:24]} {[%emt 00:00:56]} Qe3 {[%clk 01:02:22]} {[%emt 00:00:19]}
48. Rb2 {[%clk 00:42:49]} {[%emt 00:00:45]} Rd3 {[%clk 01:02:10]} {[%emt
00:00:23]} 49. Qg2 {[%clk 00:41:01]} {[%emt 00:01:57]} Rc3 {[%clk 01:02:03]}
{[%emt 00:00:18]} 50. Rc2 {[%clk 00:40:51]} {[%emt 00:00:19]} Rxc2 {[%clk
01:01:18]} {[%emt 00:00:56]} 51. Qxc2 {[%clk 00:40:51]} {[%emt 00:00:10]} h4
{[%clk 01:01:18]} 52. gxh4 {[%clk 00:40:01]} {[%emt 00:01:01]} Qf4+ {[%clk
01:01:18]} {[%emt 00:00:03]} 53. Kg2 {[%clk 00:39:47]} {[%emt 00:00:22]} Qxh4
{[%clk 01:01:14]} {[%emt 00:00:16]} 54. c7 {[%clk 00:39:18]} {[%emt 00:00:38]}
Qg5+ {[%clk 01:01:14]} {[%emt 00:00:06]} 55. Kf1 {[%clk 00:39:14]} {[%emt
00:00:13]} Qf4+ {[%clk 01:01:14]} {[%emt 00:00:06]} 56. Ke1 {[%clk 00:38:50]}
{[%emt 00:00:34]} Qe3+ {[%clk 01:01:00]} {[%emt 00:00:25]} 57. Kd1 {[%clk
00:38:39]} {[%emt 00:00:21]} Qg1+ {[%clk 01:00:48]} {[%emt 00:00:22]} 58. Kd2
{[%clk 00:38:38]} {[%emt 00:00:10]} Qd4+ {[%clk 01:00:30]} {[%emt 00:00:27]} 59.
Kc1 {[%clk 00:38:28]} {[%emt 00:00:21]} Qa1+ {[%clk 01:00:30]} {[%emt
00:00:05]} 60. Kd2 {[%clk 00:37:49]} {[%emt 00:00:49]} Qd4+ {[%clk 01:00:30]}
{[%emt 00:00:02]} 61. Ke2 {[%clk 00:37:46]} {[%emt 00:00:13]} Qe5+ {[%clk
01:00:26]} {[%emt 00:00:14]} 62. Kd3 {[%clk 00:37:40]} {[%emt 00:00:16]} Qg3+
{[%clk 01:00:26]} {[%emt 00:00:09]} 63. Ke4 {[%clk 00:37:10]} {[%emt 00:00:40]}
f5+ {[%clk 01:00:21]} {[%emt 00:00:15]} 64. Kd4 {[%clk 00:36:32]} {[%emt
00:00:48]} Qf4+ {[%clk 00:59:47]} {[%emt 00:00:45]} 65. Kd5 {[%clk 00:35:54]}
{[%emt 00:00:47]} Qd6+ {[%clk 00:59:42]} {[%emt 00:00:15]} 66. Kc4 {[%clk
00:35:49]} {[%emt 00:00:15]} Qxc7+ {[%clk 00:59:23]} {[%emt 00:00:29]} 1/2-1/2

[Event "2024 National Middle School Championship"]
[Site "Atlanta, Georgia, United States"]
[Date "2024.05.11"]
[Round "5.16"]
[White "Ganesan, Vidhun"]
[Black "Murthy, Ayush"]
[Result "1/2-1/2"]
[TimeControl "G/90;d10"]
[WhiteElo "1491"]
[BlackElo "1679"]

1. d4 {[%clk 01:30:00]} {[%emt 00:00:01]} Nf6 {[%clk 01:29:57]} {[%emt
00:00:14]} 2. c4 {[%clk 01:30:00]} {[%emt 00:00:04]} e6 {[%clk 01:29:57]}
{[%emt 00:00:08]} 3. Nf3 {[%clk 01:30:00]} {[%emt 00:00:10]} d5 {[%clk
01:29:57]} {[%emt 00:00:07]} 4. Nc3 {[%clk 01:29:56]} {[%emt 00:00:14]} Be7
{[%clk 01:29:25]} {[%emt 00:00:42]} 5. Bg5 {[%clk 01:29:48]} {[%emt 00:00:18]}
h6 {[%clk 01:29:03]} {[%emt 00:00:32]} 6. Bh4 {[%clk 01:29:48]} {[%emt
00:00:08]} O-O {[%clk 01:28:59]} {[%emt 00:00:13]} 7. e3 {[%clk 01:29:45]}
{[%emt 00:00:13]} b6 {[%clk 01:27:59]} {[%emt 00:01:10]} 8. Qc2 {[%clk
01:29:39]} {[%emt 00:00:16]} Bb7 {[%clk 01:27:47]} {[%emt 00:00:22]} 9. Bxf6
{[%clk 01:29:33]} {[%emt 00:00:16]} Bxf6 {[%clk 01:27:47]} {[%emt 00:00:08]} 10.
cxd5 {[%clk 01:29:16]} {[%emt 00:00:26]} exd5 {[%clk 01:27:47]} {[%emt
00:00:08]} 11. Bd3 {[%clk 01:29:13]} {[%emt 00:00:14]} Re8 {[%clk 01:23:41]}
{[%emt 00:04:16]} 12. O-O-O {[%clk 01:27:40]} {[%emt 00:01:42]} Nd7 {[%clk
01:20:06]} {[%emt 00:03:47]} 13. Kb1 {[%clk 01:26:12]} {[%emt 00:01:36]} c5
{[%emt 00:00:16]} 14. dxc5 {[%clk 01:25:38]} {[%emt 00:00:42]} Nxc5 {[%clk
01:20:03]} {[%emt 00:00:02]} 15. Bc4 {[%clk 01:24:20]} {[%emt 00:01:27]} Bxc3
{[%clk 01:17:57]} {[%emt 00:02:16]} 16. Qxc3 {[%clk 01:23:38]} {[%emt
00:00:51]} Ne4 {[%clk 01:17:30]} {[%emt 00:00:39]} 17. Qe1 {[%clk 01:22:14]}
{[%emt 00:01:33]} Rc8 {[%clk 01:11:50]} {[%emt 00:05:50]} 18. Bb3 {[%clk
01:20:52]} {[%emt 00:01:32]} Qd7 {[%clk 01:03:05]} {[%emt 00:08:55]} 19. Rf1
{[%clk 01:17:16]} {[%emt 00:03:45]} Qf5 {[%clk 01:00:46]} {[%emt 00:02:30]} 20.
Ka1 {[%clk 01:15:46]} {[%emt 00:01:40]} Nc5 {[%clk 00:59:58]} {[%emt 00:00:59]}
21. Nd4 {[%clk 01:13:35]} {[%emt 00:02:21]} Qg6 {[%clk 00:57:55]} {[%emt
00:02:12]} 22. g3 {[%clk 01:05:10]} {[%emt 00:08:35]} a5 {[%clk 00:44:07]}
{[%emt 00:13:59]} 23. Ne2 {[%clk 01:03:07]} {[%emt 00:02:12]} Nxb3+ {[%clk
00:36:54]} {[%emt 00:07:24]} 24. axb3 {[%clk 01:02:55]} {[%emt 00:00:22]} Ba6
{[%clk 00:30:58]} {[%emt 00:06:06]} 25. Rxd5 {[%clk 01:01:53]} {[%emt
00:01:11]} Qc2 {[%clk 00:30:00]} {[%emt 00:01:05]} 26. Rd2 {[%clk 00:58:55]}
{[%emt 00:03:11]} Qxb3 {[%clk 00:30:00]} {[%emt 00:00:06]} 27. Qd1 {[%clk
00:58:33]} {[%emt 00:00:31]} Qb5 {[%clk 00:27:27]} {[%emt 00:02:41]} 28. Re1
{[%clk 00:56:49]} {[%emt 00:01:57]} Rc4 {[%clk 00:26:08]} {[%emt 00:01:28]} 29.
Nc3 {[%clk 00:56:19]} {[%emt 00:00:41]} Qc6 {[%clk 00:25:12]} {[%emt 00:01:05]}
30. Rd6 {[%clk 00:54:38]} {[%emt 00:01:51]} Qb7 {[%clk 00:24:00]} {[%emt
00:01:20]} 31. Qd5 {[%clk 00:53:48]} {[%emt 00:01:02]} Qc8 {[%clk 00:14:02]}
{[%emt 00:10:07]} 32. Rxb6 {[%emt 00:00:55]} Rxc3 {[%emt 00:00:01]} 33. Rxa6
{[%emt 00:00:03]} 1/2-1/2

[Event "2024 National Middle School Championship"]
[Site "Atlanta, Georgia, United States"]
[Date "2024.05.11"]
[Round "5.17"]
[White "Culberson, David West"]
[Black "Berumen, Joshua M"]
[Result "1/2-1/2"]
[TimeControl "G/90;d10"]
[WhiteElo "1237"]
[BlackElo "1262"]

1. e4 {[%clk 01:29:56]} {[%emt 00:00:14]} e6 {[%clk 01:30:00]} {[%emt
00:00:05]} 2. d4 {[%clk 01:29:26]} {[%emt 00:00:40]} d5 {[%clk 01:29:49]}
{[%emt 00:00:21]} 3. exd5 {[%clk 01:29:20]} {[%emt 00:00:17]} exd5 {[%clk
01:29:49]} 4. c4 {[%clk 01:29:17]} {[%emt 00:00:13]} Nf6 {[%clk 01:29:01]}
{[%emt 00:00:57]} 5. Nc3 {[%clk 01:25:25]} {[%emt 00:04:02]} Be6 {[%clk
01:23:12]} {[%emt 00:05:59]} 6. c5 {[%clk 01:22:19]} {[%emt 00:03:17]} c6
{[%clk 01:18:31]} {[%emt 00:04:52]} 7. Nf3 {[%clk 01:18:49]} {[%emt 00:03:39]}
h6 {[%clk 01:14:50]} {[%emt 00:03:52]} 8. Bd3 {[%clk 01:16:06]} {[%emt
00:02:52]} b6 {[%clk 01:12:08]} {[%emt 00:02:53]} 9. b4 {[%clk 01:12:16]}
{[%emt 00:03:59]} Nbd7 {[%clk 01:06:13]} {[%emt 00:06:00]} 10. Bf4 {[%clk
01:08:34]} {[%emt 00:03:57]} Be7 {[%clk 01:01:36]} {[%emt 00:04:46]} 11. O-O
{[%clk 00:56:45]} {[%emt 00:12:01]} O-O {[%clk 00:58:02]} {[%emt 00:03:43]} 12.
Ne2 {[%clk 00:55:16]} {[%emt 00:01:39]} bxc5 {[%clk 00:54:43]} {[%emt
00:03:29]} 13. bxc5 {[%clk 00:54:51]} {[%emt 00:00:35]} Nh5 {[%clk 00:44:45]}
{[%emt 00:10:02]} 14. Be3 {[%clk 00:53:10]} {[%emt 00:01:56]} Bg4 {[%clk
00:39:32]} {[%emt 00:05:23]} 15. Ng3 {[%clk 00:46:23]} {[%emt 00:06:58]} Nxg3
{[%clk 00:38:05]} {[%emt 00:01:37]} 16. hxg3 {[%clk 00:45:00]} {[%emt
00:01:33]} Nf6 {[%clk 00:36:20]} {[%emt 00:01:54]} 17. Kh2 {[%clk 00:44:31]}
{[%emt 00:00:39]} Ne4 {[%clk 00:35:02]} {[%emt 00:01:28]} 18. Qc1 {[%clk
00:42:23]} {[%emt 00:01:55]} Bxf3 {[%clk 00:34:20]} {[%emt 00:01:16]} 19. gxf3
{[%clk 00:42:04]} {[%emt 00:00:29]} Ng5 {[%clk 00:34:08]} {[%emt 00:00:22]} 20.
Kg2 {[%clk 00:39:51]} {[%emt 00:02:23]} Qd7 {[%clk 00:33:27]} {[%emt 00:00:48]}
21. Rh1 {[%clk 00:38:57]} {[%emt 00:01:08]} Qe6 {[%clk 00:26:02]} {[%emt
00:07:34]} 22. f4 {[%clk 00:29:09]} {[%emt 00:09:58]} Nh7 {[%clk 00:15:48]}
{[%emt 00:10:23]} 23. f5 {[%clk 00:27:42]} {[%emt 00:01:39]} Qf6 {[%clk
00:15:04]} {[%emt 00:00:54]} 1/2-1/2

[Event "2024 National Middle School Championship"]
[Site "Atlanta, Georgia, United States"]
[Date "2024.05.11"]
[Round "5.18"]
[White "Tripathy, Aryansh"]
[Black "Jiang, Catherine"]
[Result "1-0"]
[TimeControl "G/90;d10"]
[WhiteElo "1070"]
[BlackElo "1038"]

1. d4 {[%clk 01:30:00]} d5 {[%clk 01:29:59]} {[%emt 00:00:12]} 2. c4 {[%clk
01:30:00]} {[%emt 00:00:03]} e6 {[%clk 01:29:59]} {[%emt 00:00:07]} 3. Nc3
{[%clk 01:30:00]} {[%emt 00:00:10]} Bb4 {[%clk 01:29:53]} {[%emt 00:00:17]} 4.
Nf3 {[%clk 01:30:00]} {[%emt 00:00:08]} Nf6 {[%clk 01:29:13]} {[%emt 00:00:50]}
5. Bf4 {[%clk 01:29:44]} {[%emt 00:00:26]} Nc6 {[%clk 01:28:44]} {[%emt
00:00:39]} 6. e3 {[%clk 01:29:44]} {[%emt 00:00:07]} O-O {[%clk 01:28:42]}
{[%emt 00:00:12]} 7. Bd3 {[%clk 01:29:44]} {[%emt 00:00:09]} b6 {[%clk
01:27:54]} {[%emt 00:00:58]} 8. O-O {[%clk 01:29:30]} {[%emt 00:00:24]} Bb7
{[%clk 01:27:54]} {[%emt 00:00:11]} 9. cxd5 {[%clk 01:29:12]} {[%emt 00:00:28]}
exd5 {[%clk 01:27:24]} {[%emt 00:00:39]} 10. Rc1 {[%clk 01:29:12]} {[%emt
00:00:10]} Re8 {[%clk 01:26:02]} {[%emt 00:01:32]} 11. Ne5 {[%clk 01:27:53]}
{[%emt 00:01:29]} Nxe5 {[%clk 01:22:16]} {[%emt 00:03:57]} 12. Bxe5 {[%clk
01:27:53]} {[%emt 00:00:07]} Bd6 {[%clk 01:20:59]} {[%emt 00:01:26]} 13. Bxd6
{[%clk 01:27:36]} {[%emt 00:00:26]} Qxd6 {[%clk 01:20:57]} {[%emt 00:00:12]} 14.
Nb5 {[%clk 01:27:30]} {[%emt 00:00:16]} Qd8 {[%clk 01:20:29]} {[%emt 00:00:38]}
15. Nxc7 {[%clk 01:27:30]} {[%emt 00:00:08]} Qd6 {[%clk 01:18:54]} {[%emt
00:01:45]} 16. Nxa8 {[%clk 01:27:15]} {[%emt 00:00:25]} Bxa8 {[%clk 01:18:50]}
{[%emt 00:00:13]} 17. Ba6 {[%clk 01:26:25]} {[%emt 00:01:00]} Qe6 {[%clk
01:17:08]} {[%emt 00:01:52]} 18. Qf3 {[%clk 01:25:44]} {[%emt 00:00:51]} h6
{[%clk 01:15:14]} {[%emt 00:02:05]} 19. Rc2 {[%clk 01:25:21]} {[%emt 00:00:32]}
Bc6 {[%clk 01:14:29]} {[%emt 00:00:56]} 20. Rfc1 {[%clk 01:24:43]} {[%emt
00:00:48]} Bd7 {[%clk 01:14:20]} {[%emt 00:00:19]} 21. h3 {[%clk 01:23:01]}
{[%emt 00:01:50]} b5 {[%clk 01:13:34]} {[%emt 00:00:58]} 22. Bb7 {[%clk
01:22:43]} {[%emt 00:00:28]} Rb8 {[%clk 01:13:34]} {[%emt 00:00:09]} 23. Bc6
{[%clk 01:22:39]} {[%emt 00:00:14]} Bxc6 {[%clk 01:12:37]} {[%emt 00:01:08]} 24.
Rxc6 {[%clk 01:22:39]} {[%emt 00:00:05]} Qe8 {[%clk 01:11:52]} {[%emt
00:00:55]} 25. Qf5 {[%clk 01:22:10]} {[%emt 00:00:39]} Nd7 {[%clk 01:07:34]}
{[%emt 00:04:29]} 26. Rc7 {[%clk 01:21:24]} {[%emt 00:00:56]} Rd8 {[%clk
01:06:56]} {[%emt 00:00:48]} 27. Rxa7 {[%clk 01:21:20]} {[%emt 00:00:13]} Qe6
{[%clk 01:05:43]} {[%emt 00:01:23]} 28. Qxe6 {[%clk 01:21:14]} {[%emt
00:00:17]} fxe6 {[%clk 01:05:39]} {[%emt 00:00:14]} 29. Rcc7 {[%clk 01:21:13]}
{[%emt 00:00:11]} Nb6 {[%clk 01:04:23]} {[%emt 00:01:27]} 30. Rxg7+ {[%clk
01:21:10]} {[%emt 00:00:13]} Kf8 {[%clk 01:04:23]} 31. Rh7 {[%clk 01:20:48]}
{[%emt 00:00:32]} Kg8 {[%clk 01:04:06]} {[%emt 00:00:27]} 32. Rxh6 {[%clk
01:20:48]} {[%emt 00:00:09]} Re8 {[%clk 01:02:19]} {[%emt 00:01:57]} 33. Ra6
{[%clk 01:20:37]} {[%emt 00:00:21]} Nc4 {[%clk 01:01:31]} {[%emt 00:00:58]} 34.
Raxe6 {[%clk 01:20:33]} {[%emt 00:00:14]} Rxe6 {[%clk 01:01:19]} {[%emt
00:00:23]} 35. Rxe6 {[%clk 01:20:33]} {[%emt 00:00:05]} Nxb2 {[%clk 01:01:19]}
{[%emt 00:00:08]} 36. f4 {[%clk 01:20:25]} {[%emt 00:00:18]} Nd1 {[%clk
01:00:51]} {[%emt 00:00:38]} 37. h4 {[%clk 01:20:14]} {[%emt 00:00:20]} Nc3
{[%clk 01:00:24]} {[%emt 00:00:37]} 38. f5 {[%clk 01:20:14]} {[%emt 00:00:08]}
Nxa2 {[%clk 01:00:05]} {[%emt 00:00:29]} 39. h5 {[%clk 01:19:49]} {[%emt
00:00:34]} b4 {[%clk 00:59:37]} {[%emt 00:00:39]} 40. Rb6 {[%clk 01:19:36]}
{[%emt 00:00:23]} Kf7 {[%clk 00:59:12]} {[%emt 00:00:35]} 41. h6 {[%clk
01:19:27]} {[%emt 00:00:19]} Kg8 {[%clk 00:59:09]} {[%emt 00:00:13]} 42. g4
{[%clk 01:19:20]} {[%emt 00:00:16]} Kh7 {[%clk 00:58:48]} {[%emt 00:00:32]} 43.
g5 {[%clk 01:19:20]} {[%emt 00:00:11]} Kg8 {[%clk 00:58:41]} {[%emt 00:00:16]}
44. g6 {[%clk 01:19:20]} {[%emt 00:00:09]} b3 {[%clk 00:58:11]} {[%emt
00:00:41]} 45. f6 {[%clk 01:19:17]} {[%emt 00:00:13]} b2 {[%clk 00:58:07]}
{[%emt 00:00:13]} 46. Rb8# {[%emt 00:00:11]} 1-0

[Event "2024 National Middle School Championship"]
[Site "Atlanta, Georgia, United States"]
[Date "2024.05.11"]
[Round "5.19"]
[White "Rossow, Alexander"]
[Black "Piracha, Muneeb"]
[Result "0-1"]
[TimeControl "G/90;d10"]
[WhiteElo "792"]
[BlackElo "890"]

1. d4 {[%clk 01:30:00]} {[%emt 00:00:02]} d5 {[%clk 01:29:56]} {[%emt
00:00:15]} 2. Bf4 {[%clk 01:30:00]} {[%emt 00:00:05]} Nf6 {[%clk 01:29:13]}
{[%emt 00:00:53]} 3. e3 {[%clk 01:29:52]} {[%emt 00:00:18]} Bf5 {[%clk
01:28:05]} {[%emt 00:01:19]} 4. Nf3 {[%clk 01:29:35]} {[%emt 00:00:27]} e6
{[%clk 01:27:51]} {[%emt 00:00:23]} 5. c4 {[%clk 01:29:15]} {[%emt 00:00:30]}
c5 {[%clk 01:26:25]} {[%emt 00:01:36]} 6. Nc3 {[%clk 01:28:16]} {[%emt
00:01:08]} Nbd7 {[%clk 01:24:11]} {[%emt 00:02:24]} 7. Bd3 {[%emt 00:02:44]}
Bg6 {[%clk 01:21:43]} {[%emt 00:01:24]} 8. O-O {[%clk 01:25:07]} {[%emt
00:01:59]} Be7 {[%clk 01:20:12]} {[%emt 00:01:41]} 9. Ne5 {[%emt 00:07:31]} O-O
{[%clk 01:15:15]} {[%emt 00:00:08]} 10. Bxg6 {[%clk 01:20:31]} {[%emt
00:02:23]} fxg6 {[%clk 01:15:01]} {[%emt 00:00:25]} 11. Qb3 {[%emt 00:03:43]}
Nb6 {[%clk 01:12:19]} {[%emt 00:02:46]} 12. Qb5 {[%clk 01:13:21]} {[%emt
00:03:47]} a6 {[%clk 01:10:03]} {[%emt 00:02:32]} 13. Qb3 {[%clk 01:10:10]}
{[%emt 00:03:19]} cxd4 {[%clk 01:07:42]} {[%emt 00:02:32]} 14. exd4 {[%clk
01:08:11]} {[%emt 00:02:09]} dxc4 {[%clk 01:04:45]} {[%emt 00:03:08]} 15. Nxc4
{[%clk 01:06:03]} {[%emt 00:02:18]} Nxc4 {[%clk 01:04:00]} {[%emt 00:00:55]} 16.
Qxc4 {[%clk 01:04:33]} {[%emt 00:01:40]} Nd5 {[%clk 01:03:01]} {[%emt
00:01:09]} 17. Be5 {[%clk 01:01:44]} {[%emt 00:02:58]} Rc8 {[%clk 01:00:17]}
{[%emt 00:02:55]} 18. Qb3 {[%clk 00:58:48]} {[%emt 00:03:06]} b5 {[%clk
00:58:32]} {[%emt 00:01:56]} 19. Rac1 {[%clk 00:56:01]} {[%emt 00:02:55]} Qd7
{[%clk 00:54:20]} {[%emt 00:04:23]} 20. Rfe1 {[%clk 00:53:14]} {[%emt
00:02:55]} Bg5 {[%clk 00:51:01]} {[%emt 00:03:30]} 21. Rc2 {[%clk 00:49:26]}
{[%emt 00:03:57]} Qc6 {[%clk 00:44:37]} {[%emt 00:06:36]} 22. Nxd5 {[%clk
00:45:27]} {[%emt 00:04:09]} Qxc2 {[%clk 00:43:51]} {[%emt 00:00:56]} 23. Ne7+
{[%clk 00:35:06]} {[%emt 00:10:30]} Bxe7 {[%clk 00:42:36]} {[%emt 00:01:26]} 24.
Qxe6+ {[%clk 00:34:50]} {[%emt 00:00:26]} Rf7 {[%clk 00:41:51]} {[%emt
00:00:55]} 25. Rf1 {[%clk 00:32:04]} {[%emt 00:02:54]} Qxf2+ {[%clk 00:39:39]}
{[%emt 00:02:25]} 0-1

[Event "2024 National Middle School Championship"]
[Site "Atlanta, Georgia, United States"]
[Date "2024.05.11"]
[Round "5.20"]
[White "Threets, Marissa"]
[Black "Tiongson, Luna"]
[Result "0-1"]
[TimeControl "G/90;d10"]
[WhiteElo "696"]
[BlackElo "632"]

1. e4 {[%clk 01:30:00]} {[%emt 00:00:01]} e5 {[%clk 01:30:00]} {[%emt
00:00:07]} 2. Bc4 {[%clk 01:30:00]} {[%emt 00:00:06]} Bc5 {[%clk 01:29:42]}
{[%emt 00:00:28]} 3. Nf3 {[%clk 01:29:57]} {[%emt 00:00:13]} Nc6 {[%clk
01:29:21]} {[%emt 00:00:31]} 4. d3 {[%clk 01:29:47]} {[%emt 00:00:20]} d6
{[%clk 01:28:59]} {[%emt 00:00:32]} 5. Ng5 {[%clk 01:29:21]} {[%emt 00:00:36]}
d5 {[%clk 01:28:43]} {[%emt 00:00:26]} 6. Bxd5 {[%clk 01:29:12]} {[%emt
00:00:19]} Be6 {[%clk 01:25:10]} {[%emt 00:03:43]} 7. Bxe6 {[%clk 01:28:17]}
{[%emt 00:01:04]} fxe6 {[%clk 01:19:46]} {[%emt 00:05:34]} 8. Nxe6 {[%clk
01:27:16]} {[%emt 00:01:09]} Bxf2+ {[%clk 01:17:42]} {[%emt 00:02:17]} 9. Kxf2
{[%clk 01:25:40]} {[%emt 00:01:45]} Qf6+ {[%clk 01:17:22]} {[%emt 00:00:30]} 10.
Ke1 {[%clk 01:24:50]} {[%emt 00:01:00]} Qxe6 {[%clk 01:17:03]} {[%emt
00:00:30]} 11. Nc3 {[%clk 01:23:02]} {[%emt 00:01:57]} O-O-O {[%clk 01:15:49]}
{[%emt 00:01:24]} 12. Qf3 {[%clk 01:19:22]} {[%emt 00:03:50]} Nd4 {[%clk
01:13:54]} {[%emt 00:02:06]} 13. Qf2 {[%clk 01:16:05]} {[%emt 00:03:23]} Ne7
{[%clk 01:10:12]} {[%emt 00:03:52]} 14. Be3 {[%clk 01:13:27]} {[%emt 00:02:51]}
Rhf8 {[%clk 01:08:12]} {[%emt 00:02:09]} 15. Qg3 {[%clk 01:11:37]} {[%emt
00:01:57]} Nxc2+ {[%clk 01:07:26]} {[%emt 00:01:00]} 16. Kd2 {[%clk 01:11:02]}
{[%emt 00:00:45]} Nxa1 {[%clk 01:07:09]} {[%emt 00:00:28]} 17. Bf2 {[%clk
01:07:42]} {[%emt 00:03:28]} Nb3+ {[%clk 01:04:38]} {[%emt 00:02:43]} 18. Ke1
{[%clk 01:06:29]} {[%emt 00:01:22]} Nd4 {[%clk 01:02:58]} {[%emt 00:01:46]} 19.
Rf1 {[%clk 01:02:20]} {[%emt 00:04:23]} Rf7 {[%clk 00:59:37]} {[%emt 00:03:31]}
20. Bxd4 {[%clk 00:58:07]} {[%emt 00:04:23]} Rxf1+ {[%clk 00:55:20]} {[%emt
00:04:28]} 21. Kxf1 {[%clk 00:58:03]} {[%emt 00:00:13]} Rxd4 {[%clk 00:53:01]}
{[%emt 00:02:30]} 22. Qxg7 {[%clk 00:54:33]} {[%emt 00:03:39]} Rxd3 {[%clk
00:52:18]} {[%emt 00:00:54]} 23. Nb5 {[%clk 00:53:42]} {[%emt 00:01:02]} Qxa2
{[%clk 00:50:37]} {[%emt 00:01:50]} 24. Qxe7 {[%clk 00:51:58]} {[%emt
00:01:53]} Qa1+ {[%clk 00:50:34]} {[%emt 00:00:14]} 25. Ke2 {[%clk 00:51:35]}
{[%emt 00:00:32]} Qd1+ {[%clk 00:50:20]} {[%emt 00:00:24]} 26. Kf2 {[%clk
00:51:21]} {[%emt 00:00:24]} Qc2+ {[%clk 00:49:59]} {[%emt 00:00:31]} 27. Ke1
{[%clk 00:51:10]} {[%emt 00:00:20]} Rd1# {[%emt 00:00:11]} 0-1